000 00325nam a2200121Ia 4500
008 240731s9999 xx 000 0 und d
022 _a2769-707X
245 0 _aJournal of the American Nutrition Association
260 _bTaylor & Francis
856 _uhttps://www.tandfonline.com/loi/uacn21
942 _2ddc
942 _cTFEJ
999 _c78298
_d78298
945 _a1
_bMadushi Gamage
_c1
_dMadushi Gamage